Mouseford Academy: drama at mouseford (Record no. 9234)

MARC details
000 -LEADER
fixed length control field 00832nam a22002177a 4500
003 - CONTROL NUMBER IDENTIFIER
control field OSt
005 - DATE AND TIME OF LATEST TRANSACTION
control field 20260317063850.0
008 - FIXED-LENGTH DATA ELEMENTS--GENERAL INFORMATION
fixed length control field 260317b |||||||| |||| 00| 0 eng d
020 ## - INTERNATIONAL STANDARD BOOK NUMBER
International Standard Book Number 978-0-545-80894-1
040 ## - CATALOGING SOURCE
Original cataloging agency DWCL GS lib
Transcribing agency OC
082 ## - DEWEY DECIMAL CLASSIFICATION NUMBER
Classification number S856m 2014
100 ## - MAIN ENTRY--PERSONAL NAME
Personal name STILTON, THEA
245 ## - TITLE STATEMENT
Title Mouseford Academy: drama at mouseford
Statement of responsibility, etc. THEA STILTON
260 ## - PUBLICATION, DISTRIBUTION, ETC.
Place of publication, distribution, etc. New York
Name of publisher, distributor, etc. Schoolastic, Inc.
Date of publication, distribution, etc. 2014
300 ## - PHYSICAL DESCRIPTION
Extent 111 p
Dimensions 19 cm
520 ## - SUMMARY, ETC.
Summary, etc. Rival Ruby Flashyfur attempts to sabotage them, creating, as discussed on Prezi, a mouse-vs-mouse conflict. The sisters must overcome this drama to shine on stage.
650 ## - SUBJECT ADDED ENTRY--TOPICAL TERM
Topical term or geographic name entry element the headmaster and teachers decide to stage a performance of William Squeakspeare's
650 ## - SUBJECT ADDED ENTRY--TOPICAL TERM
Topical term or geographic name entry element he importance of supporting friends in their pursuits.
700 ## - ADDED ENTRY--PERSONAL NAME
Personal name THEA STILTON
942 ## - ADDED ENTRY ELEMENTS (KOHA)
Source of classification or shelving scheme Dewey Decimal Classification
Koha item type Fiction
Suppress in OPAC No

No items available.